• 首页
  • 本馆介绍
  • 公告通知
  • 最新文献
  • 馆藏检索
  • 电子资源
  • 读者导购
  • 参考咨询
  • 我的图书馆
  • 登录
  • 详细信息显示
  • 放入我的书架
  • 预约/预借图书
  • 作者相关作品
  • 分类相关作品
  • 丛书相关作品
  • 出版社相关作品

书目信息

  • 表格格式
  • 工作单格式
  • 卡片格式
题名:
第五代
    
 
作者: 麦科达克 , 费根鲍姆 著 ;尉腾蛟 译
分册:  
出版信息: 北京   中国友谊出版公司  1985
页数: 248页
开本: 19cm
丛书名: 国外新技术革命及企业管理丛书
单 册:
中图分类: TP387 , G303
科图分类:
主题词: 第五代计算机 , 科学研究--理论
电子资源:
ISBN:
000 00995nam2 2200325 45
001 0185019588
005 20040505161855.0
010    @dCNY1.80
091    @a17309.7
100    @a19920918d1985 em y0chiy0121 ea
101 1  @achi@ceng
102    @aCN@b110000
105    @ay z 000yy
106    @ar
200 10 @a第五代@Adi wu dai@e日本第五代电脑对世界的冲击@f(美)麦科达克,(美)费根鲍姆著@g尉腾蛟译
210    @a北京@c中国友谊出版公司@d1985
215    @a248页@d19cm
225 2  @a国外新技术革命及企业管理丛书
410  0 @120010@a国外新技术革命及企业管理丛书
517 1  @a日本第五代电脑对世界的冲击@Ari ben di wu dai dian nao dui shi jie de chong ji
606    @a第五代计算机
606 0  @a科学研究@x理论
690    @aTP387@v3
690    @aG303
701  1 @a麦科达克@Amai ke da ke@4著
701  1 @a费根鲍姆@Afei gen bao mu@4著
702  0 @a尉腾蛟@Awei teng jiao@4译
801  0 @aCN@b深圳图书馆@c20040505
801  2 @aCN@bNLC@c20040505
905    @f2@b147294-295@dG303@e24
    
    第五代:日本第五代电脑对世界的冲击/(美)麦科达克,(美)费根鲍姆著/尉腾蛟译.-北京:中国友谊出版公司,1985
    248页;19cm.-(国外新技术革命及企业管理丛书)
    
    
    ISBN :CNY1.80
    
●
相关链接 在E读中查询图书 在五车中查询图书 在当当中查询图书 在豆瓣中查询图书


正题名:第五代     索取号:G303/24         预约/预借

序号 登录号 条形码 馆藏地/架位号 状态 备注
1 0147294   000988505   密集书库/ [索取号:G303/24] 在馆    
2 0147295   000988514   密集书库/ [索取号:G303/24] 在馆    
3 0147296   002059738   第一样本阅览室/ [索取号:G303/24] 在馆    
唐山师范学院图书馆 欢迎您!
大连网信软件有限公司© 版权所有